| 000 | 00575nam a2200181Ia 4500 | ||
|---|---|---|---|
| 003 | GCL | ||
| 008 | 140319s9999 xx 000 0 ara d | ||
| 040 |
_aGCL / _cGCL |
||
| 082 | 0 | 4 |
_a258.54 _bا و |
| 245 | 1 | 0 | _aالواسطة بين الخلق والحق ورفع الملام عن الائمة والاعلام |
| 260 |
_a[S.N] : _bمركز الكتاب للنشر ، _c1991 |
||
| 300 | _a86 ص | ||
| 490 | _a | ||
| 650 | 0 | 4 | _aالتصوف الاسلامى |
| 650 | 0 | 4 | _aتصوف |
| 650 | 0 | 4 | _aابن تيمية، تقى الدين ابوالعباس |
| 942 |
_2ddc _cBK |
||
| 999 |
_c47486 _d47486 |
||